| 000 | 00737nam a22002417a 4500 | ||
|---|---|---|---|
| 005 | 20220718163324.0 | ||
| 008 | 220718b ||||| |||| 00| 0 eng d | ||
| 040 | _cAL | ||
| 041 | _aEnglish | ||
| 082 |
_223 _a333.70954 _bDOGF |
||
| 100 |
_aBharat Dogra _950923 |
||
| 245 | _aForests Dams and Survival in Tehri Garhwal | ||
| 260 |
_aNew Delhi _bBharat Dogra _c1992 |
||
| 300 |
_a85 p. _bPB _c20x14.5 cm. |
||
| 365 |
_b₹70.00 _c₹ _d70.00 |
||
| 650 |
_aIndia--Tehri-Garhwal _950924 |
||
| 650 |
_aTehri Project _950925 |
||
| 650 |
_aChipko movement _950926 |
||
| 650 |
_aDams--Environmental aspects _950927 |
||
| 650 |
_aDeforestation--Control--Citizen participation _950928 |
||
| 700 |
_aDOGRA (Bharat) _950929 |
||
| 942 |
_2ddc _cGF |
||
| 999 |
_c223941 _d223941 |
||